000 00510nam a2200181Ia 4500
008 151018s9999 xx 000 0 und d
082 _bRBASDV6426
_a891.463
100 _aऊ ज शेळके
245 _aवळणावरच वय
250 _b1
260 _bललित वैभव
_c1967
300 _a297
600 _aऊ ज शेळके
630 _aवळणावरच वय
700 _aऊ ज शेळके
730 _aवळणावरच वय
942 _cBOOK
999 _c1008801
_d1008798